000 00265nam a2200097Ia 4500
001 1251483
005 20251031150916.0
008 251031s9999 xx 000 0 und d
245 0 _cBRİGİTTE LABBE
_aJ-3 GERÇEKTEN VE YALANCILIKTAN
260 _bGÜNIŞIĞI YAYINLARI
999 _c1251483
_d1251483